La dissemblance graphemique a l'Ancien Empire : essai de grammatologie cognitive /
Ce livre se concentre sur une particularité hiéroglyphique et hiératique traditionnellement appelée ± dissimilation graphique ? et désormais nommée ± dissemblance graphémique ?. Principalement attestée dans les textes de l?Ancien Empire, on rencontre cette particularité graphémique dans les duels et...
المؤلف الرئيسي:
مؤلفون آخرون: ,
التنسيق: كتاب
اللغة: French
منشور في:
Hamburg :
Widmaier Verlag,
2020.
سلاسل:
Lingua aegyptia. Studia monographica ;
23.
LingAeg.SM ;
23.
الموضوعات:
الوسوم: إضافة وسم
رقم الطلب: PJ1001 .L57 v.23
| LEADER | 02439nam a22003017a 4500 | ||
|---|---|---|---|
| 003 | OSt | ||
| 005 | 20260201132942.0 | ||
| 008 | 010226t2020 gw a b 000 0 fre d | ||
| 020 | |a 9783943955231 | ||
| 040 | |c ARCE Library | ||
| 050 | 1 | 4 | |a PJ1001 |b .L57 v.23 |
| 100 | 1 | |a Thuault, Simon. | |
| 245 | 1 | 3 | |a La dissemblance graphemique a l'Ancien Empire : |b essai de grammatologie cognitive / |c Simon Thuault ; [herausgegeben von Frank Kammerzell, Gerald Moers und Kai Widmaie]r. |
| 264 | 1 | |a Hamburg : |b Widmaier Verlag, |c 2020. | |
| 300 | |b xix, 376 pages : |c illustrations (chiefly color) ; |e 24 cm. | ||
| 490 | 0 | |a Lingua aegyptia. Studia monographica ; |v 23. | |
| 490 | 0 | |a LingAeg.SM ; |v 23. | |
| 500 | |a Thesis (doctoral)--Université Paul Valéry Montpellier 3, 2017. | ||
| 504 | |a Includes bibliographical references (pages 345-376). | ||
| 520 | |a Ce livre se concentre sur une particularité hiéroglyphique et hiératique traditionnellement appelée ± dissimilation graphique ? et désormais nommée ± dissemblance graphémique ?. Principalement attestée dans les textes de l?Ancien Empire, on rencontre cette particularité graphémique dans les duels et pluriels archaïques, offrant plusieurs classificateurs (ou déterminatifs) au lieu d?un seul agrémenté de traits diacritiques. Est dit ± dissemblable ? un lexème dont les classificateurs sont distincts, et non identiques comme il est d?usage la plupart du temps. Par exemple, mHy.t, ±poissons?, montrera une graphie standard si les trois poissons servant de classificateurs sont les mêmes ; sa graphie sera ±dissemblable? si trois espèces ? au lieu d?une seule ? sont représentées. Le présent ouvrage se donne pour objectif d?étudier de façon systématique les occurrences de dissemblance graphémique dans les textes égyptiens de l?Ancien Empire. Lexèmes concernés, hiéroglyphes employés, catégories représentées? L?analyse grammatologique et linguistique jette ainsi un nouvel éclairage sur une particularité peu prise en compte dans la littérature égyptologique, offrant par là même une nouvelle approche de la catégorisation et de la pensée égyptiennes en général.0. | ||
| 650 | |a Egyptian language |x Grammar. | ||
| 650 | |a Egyptian language |x Writing, Hieroglyphic. | ||
| 650 | |a Egyptian language |x Texts | ||
| 700 | |a Kammerzell, Frank. | ||
| 700 | |a Moers, Gerald. | ||
| 901 | |a reviewed | ||
| 942 | |2 lcc |c BK | ||
| 999 | |c 48642 |d 48642 | ||
